000 00741nam a2200265Ia 4500
005 20260429112128.0
008 260429s9999||||xx |||||||||||||| ||und||
020 _a9781032983585
041 _aEnglish
082 _a332.64
_bALO
100 _aAlos, Elisa
245 0 _aIntroduction to financial derivatives with Python /
_cElisa Alos
250 _a1st ed.
260 _aBoca Raton :
_bCRC Press,
_c2025.
300 _axxiii, 228 p.; pbk
440 _aChapman and Hall/CRC financial mathematics series
650 _a Python
650 _aDerivative securities
700 _a Cont, Rama
700 _a Jarrow, Robert A.
700 _a Madan, Dilip
700 _a Merino, Raul
700 _aDempster, M. A. H.
942 _cTB
999 _c52495
_d52495